| 000 | 00888cam a2200253 a 4500 | ||
|---|---|---|---|
| 001 | 000010642 | ||
| 005 | 20200929162249.0 | ||
| 008 | 770404s1982 sp 001 0 spa | ||
| 015 | _aSp*** | ||
| 020 | _a8485887050 | ||
| 040 |
_aDO-SdBNP _bspa _cDLC _dBNPHU |
||
| 082 |
_a501 _bC796f |
||
| 100 | 1 |
_aCordón, Faustino. _d1909-1999 _q(Faustino Cordón Bonet) _925763 |
|
| 245 | 1 | 3 |
_aLa función de la ciencia en la sociedad / _cFaustino Cordón. |
| 260 |
_aBarcelona, (España) : _bAnthropos Editorial del Hombre, _c1982. |
||
| 300 |
_a177 p. ; _c18 cm. |
||
| 490 | 1 |
_aMonografías científicas _v2 |
|
| 500 | _aEdición corregida y aumentada | ||
| 650 | 4 |
_aSociología de la ciencia _925764 |
|
| 710 | 2 |
_aFundación para la Investigación sobre Biología Evolucionista _925765 |
|
| 830 | 0 |
_aMonografías científicas ; _v2 _925766 |
|
| 910 | _aCatalogación derivada | ||
| 049 | _aBNGR | ||
| 999 |
_c10400 _d10400 |
||